| 000 | 00484nam a2200181 i 4500 | ||
|---|---|---|---|
| 001 | 135914 | ||
| 003 | ES-MaACL | ||
| 005 | 20230906195003.0 | ||
| 007 | t| | ||
| 008 | 070214s1969 sp |||| |bspa d | ||
| 080 | _a929 Gengis-Kan | ||
| 100 | 1 |
_aRousselot, Jean. _9100079 |
|
| 245 | 1 | 0 |
_aGengis Khan / _cJean Rousselot. |
| 260 |
_aMadrid : _bIbérico Europea de Ediciones, _c1969. |
||
| 300 |
_a147 p. ; _c18 cm. |
||
| 600 | 0 | 4 |
_aGengis Kan. _9156826 |
| 852 |
_aES-MaACL _jC-52243 |
||
| 999 |
_c135914 _d135914 |
||